Normal view
MARC view
- الصحافة - تاريخ - الاردن
Entry Topical Term
001 - CONTROL NUMBER
- control field: 46386
003 - CONTROL NUMBER IDENTIFIER
- control field: JO-AjAnu
005 - DATE AND TIME OF LATEST TRANSACTION
- control field: 20230606081651.0
008 - FIXED-LENGTH DATA ELEMENTS
- fixed length control field: 230606|| aca||aabn | a|a d
040 ## - CATALOGING SOURCE
- Original cataloging agency: JO-AjAnu
- Transcribing agency: JO-AjAnu
150 ## - HEADING--TOPICAL TERM
- Topical term or geographic name entry element: الصحافة - تاريخ - الاردن
670 ## - SOURCE DATA FOUND
- Source citation: Work cat.: (JO-AjAnu)23742: إعداد واشراف عبيدات، شفيق؛ اعداد أحمد السكر، إعداد زياد الرباعي, author 46385, مسيرة الصخافة الأردنية 1920-2000 بتكليف من مجلس نقابة الصحفيين